000 00581nam a22001697a 4500
005 20251108165156.0
008 250721s1986 xx 000 0 ara d
082 1 4 _a366.1/ماس
100 1 _aضوميط، يوسف
_eشارح
245 1 0 _aالماسونية بين الإنحراف و الأصولية محفل يكشف أسرار الصراع بين الماسونية المزيفة و الماسونية المتشددة /
250 _aط2
264 _bمختارات،
_c1986.
300 _a198ص
650 1 7 _aالماسونية
942 _2ddc
_cBK
999 _c21305
_d21305